İzmir Karşıyaka'dan dünya'ya.../ (Record no. 12678)

MARC details
000 -BAŞLIK
Sabit Uzunlukta Kontrol Alanı 00807nam a22002417a 4500
999 ## - SİSTEM KONTROL NUMARALARI (KOHA)
Koha Biblionumber 12678
Koha Biblioitemnumber 12678
003 - KONTROL NUMARASI IDENTIFIER
Denetim Alanı MIRAKIL
005 - SON İŞLEM TARİHİ VE ZAMANI
Denetim Alanı 20190205145148.0
008 - SABİT-BOY VERİ ELEMANLARI - GENEL BİLGİLER
Sabit Uzunlukta Kontrol Alanı 190205b tu ||||| |||| 00| 0 tur d
020 ## - ULUSLARARASI STANDART KİTAP NUMARASI
Uluslararası Standart Kitap Numarası 9754586551
040 ## - KATALOGLAMA KAYNAK
Orijinal Kataloglama Ajansı TR-AnCHP
Metne Dönüştürmek Ajansı TR-AnCHP
041 ## - DİL KODU
Metin / Ses Parça Veya Ayrı Başlığın Dil Kodu tur
082 ## - DEWEY ONLU SINIFLANDIRMA NUMARASI
Sınıflandırma Numarası 923.2 Karaosmanoğlu, A.
Ürün Numarası K26i 2005
100 ## - ANA GİRİŞ - KİŞİSEL İSİM
Kişisel Ad Karaosmanoğlu, Attila
Bir Adıyla İlişkilendirilen Tarihler 1932-2013
245 10 - BAŞLIK TABLOSU
Başlık İzmir Karşıyaka'dan dünya'ya.../
Sorumluluk Tablosu, Vb Attila Karaosmanoğlu.
250 ## - EDITION TABLOSU
Baskı Beyanı 2.bs.
260 ## - YAYIN, DAĞITIM, VB
Yayın, Dağıtım, Vb Yeri İstanbul:
Yayıncı, Dağıtıcı, Vs Adı Türkiye İş Bankası Kültür Yayınları,
Yayın, Dağıtım, Vb Tarihi 2005.
300 ## - FİZİKSEL TANIM
Kapsam 550 s.
Diğer Fiziksel Ayrıntıları fotğ.
Boyutlar 19 sm.
490 0# - SERİSİ TABLOSU
Seri Beyanı Türkiye İş Bankası Kültür yayınları ;
Hacim / Ardışık Tanımı 890.
490 0# - SERİSİ TABLOSU
Seri Beyanı Edebiyat dizisi;
Hacim / Ardışık Tanımı 429.
600 #0 - KONU KATMA GİRİŞ - KURUMSAL ADI
9 (RLIN) 5122
Kişisel Ad Karaosmanoğlu, Attila
Bir Adıyla İlişkilendirilen Tarihler 1932-2013
Genel Alt Bölümü Yaşamöyküsü
650 #0 - KONU KATMA GİRİŞ - TOPİKAL DÖNEM
9 (RLIN) 19
Topikal Süreli Veya Coğrafi Ad Giriş Elemanı Türk edebiyatı
Genel Alt Bölümü Anı
942 ## - EKLENDİ GİRİŞ ELEMANLARI (KOHA)
Sınıflandırma Veya Raf Düzeni Kaynak Dewey Decimal Classification
Koha Öğesi Türü Books
Holdings
Kalıcı Konum Mevcut Konum Edinme Tarihi Edinim Kaynak Toplam Check-Out'Lar Tam Çağrı Numarası Barkod Tarih Son Görülme İtibaren Geçerli Fiyatlar Sigara Kamu Notu Koha Öğesi Türü
CHP Kütüphanesi CHP Kütüphanesi 02/05/2019 Bağış   923.2 Karaosmanoğlu,A. K26i 2005 018787 02/05/2019 02/05/2019 Kemal Kılıçdaroğlu bağışıdır. Books